000 00578nam a2200181Ia 4500
005 20250326143635.0
008 250326s9999 xx 000 0 und d
037 _aTextbook
040 _aFMSL
_beng
_cFMSL
041 _aeng
_2eng
084 _aSNIObX:8 P1
_qFMSL
100 _aMooney J D
245 0 _aOnward industry The principles of organization and their singnificance to modern industry
_cMooney J D; Reiley A C
260 _aUnited Kingdom
_bUnited Kingdom, Thoemmes
_c2001
300 _a562p
942 _cTB
_hSNIObX:8 P1
999 _c1300399
_d1300399